MARC details
| 000 -LEADER |
| fixed length control field |
02414nam a2200409 a 4500 |
| 001 - CONTROL NUMBER |
| control field |
74497 |
| 003 - CONTROL NUMBER IDENTIFIER |
| rucl marc code |
BD-RjUL |
| 005 - DATE AND TIME OF LATEST TRANSACTION |
| control field |
20211209082548.0 |
| 008 - FIXED-LENGTH DATA ELEMENTS--GENERAL INFORMATION |
| fixed length control field |
151113s2016 nyuac b 001 0 eng |
| 020 ## - INTERNATIONAL STANDARD BOOK NUMBER |
| International Standard Book Number |
9781464183393 |
|
| International Standard Book Number |
1464183392 |
| 035 ## - SYSTEM CONTROL NUMBER |
| System control number |
(OCoLC)ocn949909675 |
| 040 ## - CATALOGING SOURCE |
| Original cataloging agency |
NLM |
| Language of cataloging |
eng |
| Transcribing agency |
NLM |
| Description conventions |
rda |
| Modifying agency |
SISPL |
| -- |
MYG |
| -- |
OCLCF |
| -- |
YDXCP |
| -- |
GTA |
| -- |
ER0 |
| -- |
DLC |
| -- |
BD-RjUL |
| 041 ## - LANGUAGE CODE |
| Language code of text/sound track or separate title |
eng |
| 060 00 - NATIONAL LIBRARY OF MEDICINE CALL NUMBER |
| Classification number |
QU 300 |
| Item number |
L823m 2016 |
| 082 00 - DEWEY DECIMAL CLASSIFICATION NUMBER |
| Classification number |
571.6 |
| Edition number |
23 |
| Author mark and year |
MOL 2016 |
| 245 10 - TITLE STATEMENT |
| Title |
Molecular cell biology / |
| Statement of responsibility, etc. |
Harvey Lodish ... [et al.]. |
| 250 ## - EDITION STATEMENT |
| Edition statement |
Eighth edition. |
| 260 ## - PUBLICATION, DISTRIBUTION, ETC. (IMPRINT) |
| Place of publication, distribution, etc. |
New York, NY : |
| Name of publisher, distributor, etc. |
Freeman : Macmillan Higher Education, |
| Date of publication, distribution, etc. |
c2016. |
| 300 ## - PHYSICAL DESCRIPTION |
| Pagination |
xl, 1170 pages : |
| Illustrations |
color illustrations, portraits ; |
| Size |
29 cm |
| 500 ## - GENERAL NOTE |
| General note |
Preceded by Molecular cell biology / Harvey Lodish ... [et al.]. 7th ed. 2013. |
| 504 ## - BIBLIOGRAPHY, ETC. NOTE |
| Bibliography, etc |
Includes bibliographical references and index. |
| 505 0# - FORMATTED CONTENTS NOTE |
| Formatted contents note |
Pt. I, Chemical and molecular foundations : -- Molecules, cells, and model organisms -- Chemical foundations -- Protein structure and function -- Culturing and visualizing cells. |
|
| Formatted contents note |
Pt. II, Biomembranes, genes, and gene regulation : -- Fundamental molecular genetic mechanisms -- Molecular genetic techniques -- Biomembrane structure -- Genes, genomics, and chromosomes -- Transcriptional control of gene expression -- Post-transcriptional gene control. |
|
| Formatted contents note |
Pt. III, Cellular organization and function : -- Transmembrane transport of ions and small molecules -- Cellular energetics -- Moving proteins into membranes and organelles -- Vesicular traffic, secretion, and endocytosis -- Signal transduction and G protein, coupled receptors -- Signaling pathways that control gene expression -- Cell organization and movement I: microfilaments -- Cell organization and movement II: microtubules and intermediate filaments -- The Eukaryotic cell cycle. |
|
| Formatted contents note |
Pt. IV, Cell growth and differentiation : -- Integrating cells into tissue -- Stem cells, cell asymmetry, and cell death -- Cells of the nervous system -- Immunology -- Cancer. |
| 650 #0 - SUBJECT ADDED ENTRY--TOPICAL TERM |
| Topical term or geographic name as entry element |
Cytology. |
| 9 (RLIN) |
223466 |
|
| Topical term or geographic name as entry element |
Molecular biology. |
| 9 (RLIN) |
223467 |
|
| Topical term or geographic name as entry element |
Cells |
| 9 (RLIN) |
223468 |
|
| Topical term or geographic name as entry element |
Cell Biology |
| 9 (RLIN) |
223469 |
|
| Topical term or geographic name as entry element |
Molecular Biology |
| 9 (RLIN) |
223470 |
|
| Topical term or geographic name as entry element |
Cytology. |
| Source of heading or term |
fast |
| 9 (RLIN) |
223466 |
|
| Topical term or geographic name as entry element |
Molecular biology. |
| Source of heading or term |
fast |
| 9 (RLIN) |
223467 |
| 700 ## - ADDED ENTRY--PERSONAL NAME |
| Personal name |
Lodish, Harvey |
| 942 ## - ADDED ENTRY ELEMENTS (KOHA) |
| Source of classification or shelving scheme |
Dewey Decimal Classification |
| Koha item type |
Books |